Normal view
MARC view
- Alpaydin, Ethem
Entry Personal Name
001 - CONTROL NUMBER
- control field: 211092
003 - CONTROL NUMBER IDENTIFIER
- control field: OSt
005 - DATE AND TIME OF LATEST TRANSACTION
- control field: 20250116162652.0
008 - FIXED-LENGTH DATA ELEMENTS
- fixed length control field: 250116|| aca||aabn | a|a d
040 ## - CATALOGING SOURCE
- Original cataloging agency: OSt
- Transcribing agency: OSt
100 ## - HEADING--PERSONAL NAME
- Personal name: Alpaydin, Ethem
670 ## - SOURCE DATA FOUND
- Source citation: Work cat.: (OSt)364790: Alpaydin, Ethem, author., Introduction to machine learning /